000 00912nam a2200265Ia 4500
003 OSt
005 20221005104039.0
006 a|||||r|||| 00| 0
007 ta
008 221004b |||||||| |||| 00| 0 san d
024 _a31788
037 _cTextual
040 _aCRL
_cCRL
_bsan
041 _2san
_asan
082 _aQ2:4x1,1, 152M5
100 _aभट्ट, रामेश्वर
245 0 _aमनुस्मृतिः
246 _aManusmṛutiah
260 _aदिल्ली
_bचौखम्बा संस्कृत प्रतिष्ठान भारत
_c1985
300 _a380पृ.
_ccm.
490 _aव्रजजीवन प्राच्यभारती ग्रन्थमाला; 8
650 _aधर्म
942 _hQ2:4x1,1, 152M5
_cTEXL
_2cc
999 _c1011580
_d1011580